|
|
|
|
| LEADER |
00000cam a2200000 c 4500 |
| 001 |
1143431251 |
| 003 |
DE-627 |
| 005 |
20220518102055.0 |
| 007 |
tu |
| 008 |
990208s1997 xx ||||| 00| ||fre c |
| 035 |
|
|
|a (DE-627)1143431251
|
| 035 |
|
|
|a (DE-576)073431257
|
| 035 |
|
|
|a (DE-599)BSZ073431257
|
| 035 |
|
|
|a (OCoLC)313309728
|
| 040 |
|
|
|a DE-627
|b ger
|c DE-627
|e rakwb
|
| 041 |
|
|
|a fre
|
| 245 |
0 |
3 |
|a La justice des mineurs
|c Ministère de la Justice
|
| 264 |
|
1 |
|a Paris
|b Service de l'Information et de la Communication
|c 1997
|
| 300 |
|
|
|a 31 S.
|
| 336 |
|
|
|a Text
|b txt
|2 rdacontent
|
| 337 |
|
|
|a ohne Hilfsmittel zu benutzen
|b n
|2 rdamedia
|
| 338 |
|
|
|a Band
|b nc
|2 rdacarrier
|
| 490 |
0 |
|
|a Les guides de la justice
|
| 583 |
1 |
|
|a Archivierung prüfen
|c 20200919
|f DE-640
|z 1
|2 pdager
|
| 710 |
2 |
|
|a Frankreich
|b Ministère de la justice
|0 (DE-588)41195-4
|0 (DE-627)100939074
|0 (DE-576)190374802
|4 oth
|
| 951 |
|
|
|a BO
|
| ELC |
|
|
|b 1
|
| LOK |
|
|
|0 000 xxxxxcx a22 zn 4500
|
| LOK |
|
|
|0 001 234794455X
|
| LOK |
|
|
|0 003 DE-627
|
| LOK |
|
|
|0 004 1143431251
|
| LOK |
|
|
|0 005 19990208000000
|
| LOK |
|
|
|0 008 990208||||||||||||||||ger|||||||
|
| LOK |
|
|
|0 040
|a DE-21
|c DE-627
|d DE-21
|
| LOK |
|
|
|0 852
|a DE-21
|
| LOK |
|
|
|0 852 1
|c KB 8 E 7421
|9 00
|
| LOK |
|
|
|0 935
|a krim
|
| LOK |
|
|
|0 936ln
|a k4.2.4
|
| LOK |
|
|
|0 939
|a 08-02-99
|b l01
|
| ORI |
|
|
|a SA-MARC-krimdoka001.raw
|
| SIG |
|
|
|a UB: KB 8 E 7421
|